000 02961cam a2200565 i 4500
001 1950
003 OCoLC
005 20260413162019.0
008 260109t20262026nyua b 001 0 eng
010 _a 2025025847
040 _aDLC
_beng
_erda
_cDLC
_dOCLCO
_dIG#
_dCUV
_dCLE
_dBKL
_dMDB
_dJQF
_dOCLCO
_dWCT
_dVPW
019 _a1527216204
020 _a9780593593981
_q(hardback) :
_c$32.00
020 _a0593593987
_q(hardback)
020 _z9780593593998
_q(ebook)
035 _a(OCoLC)1568232503
_z(OCoLC)1527216204
042 _apcc
092 _a302.13
_bEas
049 _aVPW1
100 1 _aEastwick, Paul W.,
_eauthor.
_4aut
_4http://id.loc.gov/vocabulary/relators/aut
_1http://id.loc.gov/rwo/agents/no2022104851
245 1 0 _aBonded by evolution :
_bthe new science of love and connection /
_cPaul Eastwick.
246 3 0 _aNew science of love and connection
250 _aFirst edition.
264 1 _aNew York, NY :
_bCrown, an imprint of Crown Publishing,
_c[2026]
264 4 _c©2026
300 _axvi, 330 pages :
_billustrations ;
_c24 cm
334 _asingle unit
_bmono
_0http://id.loc.gov/vocabulary/issuance/mono
336 _atext
_btxt
_2rdacontent
_0http://id.loc.gov/vocabulary/contentTypes/txt
337 _aunmediated
_bn
_2rdamedia
_0http://id.loc.gov/vocabulary/mediaTypes/n
338 _avolume
_bnc
_2rdacarrier
_0http://id.loc.gov/vocabulary/carriers/nc
353 _abibliography
_bbibliography
_0http://id.loc.gov/vocabulary/msupplcont/bibliography
353 _aindex
_bindex
_0http://id.loc.gov/vocabulary/msupplcont/index
504 _aIncludes bibliographical references (pages 265-321) and index.
505 0 _aIntroduction: On the market -- Part 1: The lies we're told about love -- Measuring desirability -- Real and overblown gender differences -- Marriage material? -- Part 2: The science of close relationships -- Attachment part 1: bonds of support -- Attachment part 2: the biases that bind -- Compatibility, fickle beast -- Relationships as creative chaos -- Part 3: Finding connection in the real world -- Moving online -- Disrupting the manosphere -- Real relational solutions -- Gender, love, and evolution.
520 _a"A groundbreaking look at the science of attraction and compatibility, challenging our most fundamental assumptions about how human mating evolved-to demonstrate the real keys to romantic attachment"-- Provided by publisher.
650 0 _aInterpersonal attraction.
650 0 _aSexual attraction.
650 0 _aCourtship.
650 0 _aLove.
650 0 _aHuman evolution.
650 2 _aCourtship
_0(DNLM)D003380
650 2 _aLove
_0(DNLM)D008149
650 6 _aAttraction interpersonnelle.
_0(CaQQLa)201-0002722
650 6 _aAttrait sexuel.
_0(CaQQLa)201-0185429
650 6 _aAmours.
_0(CaQQLa)201-0025237
650 6 _aAmour.
_0(CaQQLa)201-0002455
650 6 _aÊtres humains
_xÉvolution.
_0(CaQQLa)201-0023502
655 7 _aInformational works.
_2lcgft
910 _an26/4 cr
999 _c1950
_d1950